[Event "ICS rated blitz match"]
[Site "207.99.83.227"]
[Date "1999.05.13"]
[Round "?"]
[White "ULTRAMODERNIST"]
[Black "Hossa"]
[Result "0-1"]
[WhiteElo "2151"]
[BlackElo "2488"]
[PlyCount "46"]

1. Nf3 d5 2. d3 Nf6 3. Nbd2 Nc6 4. e4 e5 5. Be2 Be7 6. O-O O-O 7. c3 Qd6 8. Re1
Be6 9. Qc2 Rae8 10. Nf1 a5 11. Ng3 Bg4 12. h3 Be6 13. Ng5 d4 14. Nxe6 fxe6 15.
c4 Qd7 16. a3 Rf7 17. Bd2 Bc5 18. Rab1 Qd6 19. Bf3 Ref8 20. Qa4 Bb6 21. b4 axb4
22. axb4 Nd7 23. Re3 23... dxe3 {ULTRAMODERNIST resigns} 0-1

[Event "ICS rated blitz match"]
[Site "207.99.83.227"]
[Date "1999.05.13"]
[Round "?"]
[White "Hossa"]
[Black "JudgeTurpin"]
[Result "1-0"]
[WhiteElo "2492"]
[BlackElo "2648"]
[PlyCount "103"]

1. e4 e5 2. f4 exf4 3. Nf3 d6 4. d4 g5 5. h3 Bg7 6. Be2 f5 7. Nc3 Nc6 8. Bb5 h6
9. exf5 a6 10. Ba4 b5 11. Bb3 Bxf5 12. O-O Nf6 13. Re1+ Kd7 14. d5 Na5 15. Nd4
Bg6 16. Ne6 Qg8 17. Qd2 Qh7 18. Ne2 Nxb3 19. axb3 Bf5 20. Nxg7 Qxg7 21. Qc3 Kc8
22. Nd4 Bd7 23. Ne6 Bxe6 24. Rxe6 Rf8 25. Rxd6 f3 26. Raxa6 f2+ 27. Kf1 Rxa6
28. Rxa6 Kd8 29. d6 Ne8 30. Ra8+ Kd7 31. Qxg7+ Nxg7 32. Rxf8 Ne6 33. Rh8 Kxd6
34. Rxh6 Ke5 35. Kxf2 Nd4 36. Bxg5 Nxc2 37. Bd8 Ke4 38. g4 c5 39. g5 Kd5 40. g6
Ke6 41. Rh5 Nb4 42. Rh8 Nd3+ 43. Kg3 Kd6 44. g7 Nc1 45. g8=Q Ne2+ 46. Kh4 Nf4
47. Qf8+ Ke5 48. Bc7+ Ke4 49. Qxf4+ Kd3 50. Qf2 b4 51. Rd8+ Ke4 52. Qf4# {
JudgeTurpin checkmated} 1-0

[Event "ICS rated blitz match"]
[Site "207.99.83.227"]
[Date "1999.05.13"]
[Round "?"]
[White "Hossa"]
[Black "JudgeTurpin"]
[Result "1/2-1/2"]
[WhiteElo "2515"]
[BlackElo "2625"]
[PlyCount "181"]

1. e4 c5 2. Nc3 e6 3. Nf3 a6 4. Be2 b5 5. O-O Bb7 6. d4 b4 7. Na4 cxd4 8. Qxd4
Nc6 9. Qb6 Qxb6 10. Nxb6 Rd8 11. Bf4 d6 12. a3 bxa3 13. Rxa3 e5 14. Bc1 Nb8 15.
Nd5 Nf6 16. Nxf6+ gxf6 17. Nd2 Bh6 18. Bf3 Bxd2 19. Bxd2 Ke7 20. Rb3 Bc6 21.
Rd1 f5 22. exf5 Bxf3 23. Rxf3 Rc8 24. Bc3 Nc6 25. Rfd3 Rhd8 26. Rd5 f6 27. R1d3
Rb8 28. Rg3 Kf7 29. Rh3 Kg7 30. Rhd3 Nb4 31. Bxb4 Rxb4 32. b3 Rc8 33. Rd2 Rb6
34. f3 Rcc6 35. g4 h5 36. gxh5 Kh6 37. R5d3 Kxh5 38. Rg2 Rb4 39. Rg6 Rxc2 40.
Rxf6 d5 41. Rxa6 d4 42. f6 Kg6 43. Re6 Rb5 44. h4 Kf7 45. Rd6 Ra5 46. Rd1 Raa2
47. Rb6 Rg2+ 48. Kh1 Rh2+ 49. Kg1 Rag2+ 50. Kf1 Rc2 51. Kg1 Rhg2+ 52. Kh1 Rgf2
53. Ra1 Rxf3 54. h5 Rh3+ 55. Kg1 Rc7 56. Rf1 Rxh5 57. Rd6 Rg5+ 58. Kh2 Rc2+ 59.
Kh3 Rc3+ 60. Kh4 Rgg3 61. Rd7+ Ke6 62. Re7+ Kd6 63. Kh5 Rxb3 64. Re1 Rh3+ 65.
Kg6 Rbg3+ 66. Kf7 Rh7+ 67. Kf8 Rh6 68. Kf7 Rxf6+ 69. Kxf6 Rf3+ 70. Kg5 Kxe7 71.
Rxe5+ Kd6 72. Kg4 Rf2 73. Kg3 Rf8 74. Re2 Kd5 75. Rd2 Rf1 76. Kg2 Rf6 77. Rd1
Re6 78. Kf2 Re7 79. Re1 Rxe1 80. Kxe1 d3 81. Kd2 Kd4 82. Kd1 Kc5 83. Ke1 Kc4
84. Kd2 Kd5 85. Ke1 Kc5 86. Kd2 Kc4 87. Kd1 Kd4 88. Kd2 Ke4 89. Kd1 d2 90. Ke2
d1=Q+ 91. Kxd1 {Game drawn because neither player has mating material} 1/2-1/2

[Event "ICS rated blitz match"]
[Site "207.99.83.227"]
[Date "1999.05.13"]
[Round "?"]
[White "brutus"]
[Black "Hossa"]
[Result "1-0"]
[WhiteElo "2142"]
[BlackElo "2535"]
[Annotator "Crafty v16.6"]
[PlyCount "52"]

{annotating for player ossa using a scoring margin of +0.20 pawns. search time
limit is 1:00} 1. e4 1... e5 2. Nf3 Nf6 3. Nc3 Bb4 4. Bc4 d6 5. d3 Be6 ({
10:-0.53} 5... Be6 6. Bxe6 fxe6 7. O-O Nc6 8. Na4 Qe7 9. c3 Ba5 10. b4 Bb6 11.
Nxb6 11... axb6 $14) ({10:-0.29} 5... d5 6. exd5 Nxd5 7. Bd2 Bxc3 8. bxc3 O-O
9. Nxe5 Nc6 10. Nxc6 Qe8+ 11. Kf1 11... Qxc6 $10) 6. Bb3 O-O ({9:-0.89} 6...
O-O 7. Bxe6 fxe6 8. O-O Bxc3 9. bxc3 b5 10. Rb1 c6 11. Ng5 11... Qd7 $16) ({
9:-0.18} 6... Nc6 7. O-O Bg4 8. Nd5 Nxd5 9. Bxd5 Qf6 10. c4 Bxf3 11. Qxf3 Qxf3
12. gxf3 $10) 7. Bg5 Nbd7 8. O-O Qe8 9. Nh4 c6 10. f4 Bc5+ 11. Kh1 Be3 ({
9:+0.12} 11... Be3 12. Bxe6 fxe6 13. Qe1 Bxf4 14. Bxf4 exf4 15. Rxf4 Nh5 16.
Rxf8+ Qxf8 17. Qe2 17... Nf4 $10) ({9:+0.39} 11... exf4 12. Bxf4 Bg4 13. Qd2
Nh5 14. Na4 Qd8 15. Nxc5 Nxc5 16. Nf5 Nxf4 17. Qxf4 $15) 12. Qf3 Bd4 13. f5
Bxb3 14. axb3 Bxc3 ({9:+0.03} 14... Bxc3 15. bxc3 d5 16. Rfd1 Qe7 17. Qe3 dxe4
18. dxe4 a5 19. Kg1 19... Rfd8 $10) ({9:+0.27} 14... Qe7 15. Rfe1 Rfe8 16. Qe2
d5 17. exd5 Bxc3 18. bxc3 18... cxd5 $10) 15. bxc3 Qe7 ({10:-0.16} 15... Qe7
16. c4 b5 17. cxb5 cxb5 18. c4 Nc5 19. Rfb1 h6 20. Bxf6 Qxf6 21. Qg3 bxc4 22.
bxc4 $10) ({10:+0.14} 15... d5 16. Rfe1 dxe4 17. dxe4 Qe7 18. Qe3 b6 19. Red1
Rfd8 20. Kg1 20... Nc5 $10) 16. Qg3 Kh8 ({10:-0.29} 16... Kh8 17. c4 b5 18.
cxb5 cxb5 19. c4 bxc4 20. bxc4 a5 21. Qf3 h6 22. Be3 $10) ({10:+0.00} 16...
Rfc8 17. Bh6 Qf8 18. Bg5 18... Qe7 $10) 17. Nf3 a6 18. Qh4 Rae8 ({10:-0.48} 
18... Rae8 19. c4 Ra8 20. Ra5 b6 21. Ra2 b5 22. Rfa1 bxc4 23. dxc4 Nc5 24. Bxf6
24... gxf6 $14) ({10:-0.16} 18... Kg8 19. g4 Qd8 20. Bxf6 Nxf6 21. g5 Ne8 22.
c4 b5 23. g6 Qxh4 24. Nxh4 bxc4 25. gxh7+ Kxh7 26. dxc4 $10) 19. g4 d5 20. Bxf6
gxf6 ({10:-0.56} 20... gxf6 21. Qh6 dxe4 22. dxe4 Rg8 23. h3 Rd8 24. Rfe1 Qc5
25. Re3 25... Qd6 $14) ({10:+0.02} 20... Qxf6 21. Qxf6 Nxf6 22. exd5 cxd5 23.
g5 Ng4 24. Ra5 e4 25. Nd4 Ne3 26. Re1 $10) 21. Rg1 Qc5 22. Rg3 Qxc3 ({10:-Mat05
} 22... Qxc3 23. Rh3 Qxa1+ 24. Kg2 Qf1+ 25. Kxf1 h6 26. Qxh6+ Kg8 27. Qh8# $18)
({10:-0.15} 22... Rg8 23. c4 dxc4 24. dxc4 Qe3 25. Re1 Qf4 26. b4 c5 27. c3
27... Rg7 $10) 23. Rh3 Qxa1+ 24. Kg2 Qf1+ 25. Kxf1 h5 26. Qxh5+ Kg8 1-0

[Event "ICS rated blitz match"]
[Site "207.99.83.227"]
[Date "1999.05.13"]
[Round "?"]
[White "Hossa"]
[Black "brutus"]
[Result "1-0"]
[WhiteElo "2506"]
[BlackElo "2194"]
[PlyCount "33"]

1. e4 e6 2. Nf3 d5 3. exd5 exd5 4. Bb5+ Bd7 5. Bxd7+ Nxd7 6. O-O Ngf6 7. Re1+
Be7 8. Qe2 Kf8 9. d4 Bd6 10. Bg5 c6 11. Ne5 Qc7 12. Nxd7+ Qxd7 13. Bxf6 gxf6
14. Qh5 Re8 15. Qh6+ Kg8 16. Nc3 Be7 17. Re3 {brutus resigns} 1-0

[Event "ICS rated blitz match"]
[Site "207.99.83.227"]
[Date "1999.05.13"]
[Round "?"]
[White "Hossa"]
[Black "JudgeTurpin"]
[Result "0-1"]
[WhiteElo "2511"]
[BlackElo "2627"]
[Annotator "Crafty v16.6"]
[PlyCount "123"]

{annotating for player ossa using a scoring margin of +0.20 pawns. search time
limit is 1:00} 1. e4 1... e5 2. f4 exf4 3. Nf3 d6 4. d4 g5 5. h3 Bg7 6. Be2 f5
7. Nc3 Nc6 8. Bb5 Bd7 9. exf5 ({9:-1.05} 9. exf5 9... Qe7+ 10. Ne2 O-O-O 11. d5
Ne5 12. Bxd7+ Rxd7 13. Nfd4 Nf6 14. Ne6 14... Ne4 $17) ({9:-0.77} 9. Qe2 9...
Nxd4 10. Nxd4 Bxd4 11. Qh5+ Kf8 12. Bxd7 Qxd7 13. Qxg5 Bxc3+ 14. bxc3 Re8 15.
Bxf4 Rxe4+ 16. Be3 $17) 9... Qe7+ 10. Kf2 ({9:-1.15} 10. Kf2 10... O-O-O 11. d5
Ne5 12. Bxd7+ Rxd7 13. Nb5 a6 14. Nbd4 Nxf3 15. Nxf3 15... Bf6 $17) ({9:-0.87} 
10. Ne2 10... O-O-O 11. d5 Ne5 12. Bxd7+ Rxd7 13. Nfd4 Qf7 14. Nb5 a6 15. Na7+
15... Kb8 $17) 10... O-O-O 11. Re1 Qf6 12. d5 Nb8 13. Bxd7+ Nxd7 14. Nb5 Qxf5
15. Nxa7+ Kb8 16. Nb5 Ngf6 17. c4 Nb6 18. Qb3 ({10:-0.45} 18. Qb3 18... Nfd7
19. Kg1 Rde8 20. Bd2 g4 21. hxg4 Qxg4 22. Ba5 Re3 23. Qb4 $15) ({10:+0.19} 18.
Nfd4 18... Qg6 19. Ne6 Rd7 20. Nxg7 Qxg7 21. Re6 Re8 22. Qd4 Rxe6 23. dxe6
23... Re7 $10) 18... Ne4+ 19. Kg1 Rhe8 20. Qb4 g4 21. Nbd4 ({8:-1.77} 21. Nbd4
21... Bxd4+ 22. Nxd4 Qf6 23. Rd1 f3 24. gxf3 gxf3 25. Kf1 f2 26. Rd3 26... Qh4
$19) ({8:-0.79} 21. hxg4 21... Qxg4 22. Qa5 Qg3 23. Rf1 Be5 24. Qe1 Bf6 25.
Qxg3 25... fxg3 $17) 21... Bxd4+ 22. Nxd4 Qf6 23. Ne6 Rxe6 24. dxe6 Qd4+ 25.
Be3 fxe3 26. Rad1 Qf6 27. c5 Qf2+ 28. Kh1 Ng3+ 29. Kh2 gxh3 30. Kxh3 Nf5 31.
Qg4 e2 32. Rxe2 Qxc5 33. Qg5 Re8 34. Qh5 Qb5 35. Re4 Nd4 36. Qxb5 Nxb5 37. a4
d5 38. Ree1 Nxa4 39. Rxd5 c6 40. Rd2 Nc7 41. Rde2 Nc5 42. e7 Kc8 43. Kg3 Nd5
44. Rc1 b6 45. Rce1 h6 46. Kf3 Kd7 47. Rh1 Ne6 48. Kf2 Nf6 49. Ke1 h5 50. Kf2
Kxe7 51. Kf1 Kd6 52. Rd2+ Ke5 53. Re2+ Kd5 54. Rh3 Ra8 55. Rd2+ Nd4 56. Kg1
Ra1+ 57. Kf2 Ne4+ 58. Ke3 Re1+ 59. Kf4 Nxd2 60. Rxh5+ Kc4 61. Kg4 Re2 62. Kh4
0-1

[Event "ICS rated blitz match"]
[Site "207.99.83.227"]
[Date "1999.05.13"]
[Round "?"]
[White "Hossa"]
[Black "JudgeTurpin"]
[Result "0-1"]
[WhiteElo "2500"]
[BlackElo "2641"]
[Annotator "Crafty v16.6"]
[PlyCount "117"]

{annotating for player ossa using a scoring margin of +0.20 pawns. search time
limit is 1:00} 1. e4 1... e5 2. f4 exf4 3. Nf3 g5 4. Bc4 ({10:-1.28} 4. Bc4
4... g4 5. Bxf7+ Kxf7 6. Ne5+ Ke8 7. Qxg4 Nf6 8. Qxf4 d6 9. Rf1 dxe5 10. Qxf6
Qxf6 11. Rxf6 $17) ({10:-0.72} 4. h3 4... Nf6 5. Nxg5 h6 6. Nf3 Nxe4 7. Nc3 Ng3
8. Rg1 8... Bb4 $17) 4... Bg7 5. h3 d6 6. h4 h6 7. hxg5 hxg5 8. Rxh8 Bxh8 9.
Nh2 Nf6 10. Nc3 Be6 11. Be2 ({11:-1.71} 11. Be2 11... g4 12. Bd3 f3 13. gxf3 g3
14. Ng4 Nxg4 15. fxg4 g2 16. Kf2 Qh4+ 17. Kxg2 17... Bxg4 $19) ({11:-0.76} 11.
Bxe6 11... fxe6 12. Qe2 Qd7 13. e5 dxe5 14. Qxe5 Nc6 15. Qxg5 Nd4 16. Qg6+ Qf7
17. Qxf7+ Kxf7 18. Kd1 18... Bg7 $17) 11... c6 12. d4 Qa5 13. Bd2 Qc7 14. Nf3
Nh7 15. d5 Bxc3 16. Bxc3 Bg4 17. Qd3 Bxf3 18. Qxf3 Nf8 19. O-O-O Qe7 20. Qd3
Ng6 21. dxc6 Nxc6 22. Qxd6 Rd8 23. Qxe7+ Kxe7 24. Rd5 f6 25. Rxd8 Nxd8 26. Bb4+
Kd7 27. Bg4+ Kc7 28. Ba5+ ({12:-0.18} 28. Ba5+ 28... b6 29. Bc3 Ne5 30. Bxe5+
fxe5 31. Bf5 Kd6 32. Kd2 Nc6 33. c3 a5 34. Kd3 b5 35. c4 $10) ({12:+0.04} 28.
Bc3 28... Ne5 29. Bh5 Ndc6 30. b4 b5 31. Be2 a6 32. Kd2 Kd6 33. a3 33... Ke6
$10) 28... b6 29. Bc3 Ne5 30. Bf5 ({12:-0.42} 30. Bf5 30... Ndc6 31. b4 b5 32.
Kb2 g4 33. a4 bxa4 34. Ka3 f3 35. gxf3 gxf3 36. Kxa4 $15) ({12:-0.19} 30. Bxe5+
30... fxe5 31. Kd2 Kd6 32. c3 a5 33. b3 Nc6 34. a3 b5 35. c4 Nd4 36. cxb5 Nxb5
37. b4 $10) 30... Ndc6 31. Kd1 Kd6 32. Ke2 Kc5 33. Kf1 Nd4 34. Bxd4+ Kxd4 35.
Ke2 Nc4 36. c3+ Ke5 37. b3 Ne3 38. g4 a5 39. Kf3 Nd1 40. c4 Nc3 41. a3 Kd4 42.
Bg6 a4 43. bxa4 Nxa4 44. Bf7 Nc5 45. Bd5 Nd3 46. Be6 Ne5+ 47. Ke2 Kxe4 48. c5
bxc5 49. a4 Nc6 50. Kf1 Nd4 51. Bc8 c4 52. a5 c3 53. Ke1 Ke3 54. Kd1 c2+ 55.
Kc1 Kd3 56. Bf5+ Nxf5 57. Kb2 Nd4 58. a6 Kd2 59. Ka3 0-1

[Event "ICS rated blitz match"]
[Site "207.99.83.227"]
[Date "1999.05.13"]
[Round "?"]
[White "blunite"]
[Black "Hossa"]
[Result "0-1"]
[WhiteElo "2248"]
[BlackElo "2490"]
[PlyCount "42"]

1. e4 e5 2. Nf3 Nf6 3. d4 exd4 4. e5 Ne4 5. Qxd4 d5 6. exd6 Nxd6 7. Nc3 Nc6 8.
Qa4 Bd7 9. Be3 Ne5 10. Qf4 Nxf3+ 11. Qxf3 Be7 12. O-O-O O-O 13. Bd3 Re8 14. Qh5
g6 15. Qf3 Bf6 16. Nd5 Bg7 17. h4 Be6 18. c4 c6 19. Nf4 Qf6 20. Qe2 Bg4 21. f3
21... Rxe3 {blunite resigns} 0-1

[Event "ICS rated blitz match"]
[Site "207.99.83.227"]
[Date "1999.05.13"]
[Round "?"]
[White "Hossa"]
[Black "blunite"]
[Result "0-1"]
[WhiteElo "2496"]
[BlackElo "2241"]
[Annotator "Crafty v16.6"]
[PlyCount "148"]

{annotating for player ossa using a scoring margin of +0.20 pawns. search time
limit is 1:00} 1. e4 1... e5 2. f4 exf4 3. Nf3 d6 4. d4 g5 5. h3 h6 6. Be2 Bg7
7. O-O ({9:-1.81} 7. O-O 7... h5 8. Ne1 g4 9. hxg4 Nc6 10. c3 hxg4 11. Bxf4 $19
) ({9:-0.74} 7. Qd3 7... Nf6 8. h4 g4 9. Ng1 d5 10. e5 Nh5 11. Nd2 $17) 7...
Nc6 8. Bb5 Bd7 9. Nc3 Nge7 10. Nd5 O-O 11. Nxe7+ ({9:-1.44} 11. Nxe7+ 11...
Qxe7 12. d5 Ne5 13. Be2 Rae8 14. Qd2 c5 15. c3 Bf6 16. Nxe5 16... Qxe5 $17) ({
9:-1.03} 11. Bc4 11... Nxd5 12. Bxd5 Re8 13. c3 Qe7 14. Qb3 Rab8 15. Qc4 15...
Rbd8 $17) 11... Qxe7 12. d5 Ne5 13. Bxd7 ({10:-1.84} 13. Bxd7 13... Nxd7 14.
Re1 Nc5 15. Nd2 Bd4+ 16. Kf1 Be3 17. Nc4 Bxc1 18. Rxc1 Nxe4 19. Qh5 $19) ({
10:-1.46} 13. Be2 13... Rae8 14. Qd2 Nxf3+ 15. Bxf3 h5 16. Qd1 Qe5 17. Re1 Qd4+
18. Kh2 h4 19. Qxd4 19... Bxd4 $17) 13... Qxd7 14. Nxe5 Bxe5 15. c4 Kg7 16. Kh1
Rh8 17. a4 h5 18. Qb3 b6 19. Qd3 Rh6 20. a5 Rah8 21. axb6 axb6 22. Ra7 Rf6 23.
Qb3 Rb8 24. Qd1 Rh8 25. Qe2 ({12:-1.11} 25. Qe2 25... g4 26. Qd3 Rg8 27. Ra3
Kh8 28. Ra7 g3 29. Bd2 Re8 30. b4 30... Kg8 $17) ({14:+0.00} 25. Qb3 $10) 25...
g4 26. h4 ({10:-2.61} 26. h4 26... g3 27. Rd1 Rg6 28. Kg1 Rg4 29. Qd3 Rxh4 30.
b4 30... Re8 $19) ({10:-1.15} 26. Qd3 26... Rg8 27. b4 Kh7 28. Ra3 Rc8 29. h4
g3 30. Qf3 30... Kg6 $17) 26... Re8 27. Ra3 ({10:-2.50} 27. Ra3 27... Qe7 28.
Bd2 f3 29. gxf3 Rxf3 30. Rfxf3 Qxh4+ 31. Kg2 gxf3+ 32. Rxf3 Qh2+ 33. Kf1 Qh1+
34. Kf2 Bd4+ 35. Kg3 h4+ 36. Kg4 36... Bxb2 $19) ({10:-1.35} 27. b4 27... f3
28. gxf3 gxf3 29. Rg1+ Kf8 30. Qf1 Bd4 31. Bg5 Rg6 32. Rg3 f2 33. Qd3 $17)
27... Qd8 28. Qf2 ({9:-3.31} 28. Qf2 28... g3 29. Qf3 Rf5 30. Kg1 Bd4+ 31. Be3
Bxe3+ 32. Rxe3 Qxh4 33. Rd1 Rxd5 34. Rxd5 fxe3 35. Rxh5 Qxe4 36. Qxg3+ $19) ({
9:-2.81} 28. c5 28... Rg6 29. g3 fxg3 30. Bg5 Bf6 31. cxb6 Bxg5 32. hxg5 cxb6
33. Rxg3 33... Qxg5 $19) 28... g3 29. Qf3 Rh6 30. Rd1 ({9:-3.66} 30. Rd1 30...
Qxh4+ 31. Kg1 Qh2+ 32. Kf1 f5 33. Ra2 fxe4 34. Qxe4 Kf8 35. Qf3 Kg8 36. Ra7
Qh1+ 37. Ke2 $19) ({9:-3.44} 30. Re1 30... Qxh4+ 31. Kg1 f5 32. Ra1 fxe4 33.
Rxe4 Rf6 34. Kf1 Qh1+ 35. Ke2 Rf5 36. Kd2 36... Qg1 $19) 30... Qxh4+ 31. Kg1
Rf6 32. Ra7 Re7 33. Kf1 Qg4 34. Rd3 Qxf3+ 35. Rxf3 h4 36. b3 Kg6 37. Ke2 Kg5
38. Ra8 Rh6 39. Kd3 f5 40. Rg8+ Rg6 41. Rxg6+ Kxg6 42. Bxf4 fxe4+ 43. Kxe4
Bxf4+ 44. Kxf4 Kh5 45. b4 Rf7+ 46. Ke3 Rxf3+ 47. Kxf3 Kg5 48. Ke2 Kg4 49. Kf1
h3 50. gxh3+ Kxh3 51. Kg1 g2 52. b5 Kg4 53. Kxg2 Kf4 54. Kh3 Ke4 55. Kg4 Kd4
56. Kf5 Kxc4 57. Ke4 Kc5 58. Kd3 Kxd5 59. Kc2 Kc4 60. Kd2 d5 61. Kc2 Kxb5 62.
Kc3 Kc5 63. Kd2 Kd4 64. Kc2 Ke3 65. Kb3 d4 66. Ka4 d3 67. Kb3 d2 68. Kb2 d1=Q
69. Ka2 Qa4+ 70. Kb2 Kd3 71. Kb1 Qc2+ 72. Ka1 Qd2 73. Kb1 Kc3 74. Ka1 Qb2# 0-1

[Event "ICS rated blitz match"]
[Site "207.99.83.227"]
[Date "1999.05.13"]
[Round "?"]
[White "Hossa"]
[Black "JudgeTurpin"]
[Result "0-1"]
[WhiteElo "2470"]
[BlackElo "2654"]
[Annotator "Crafty v16.6"]
[PlyCount "61"]

{annotating for player ossa using a scoring margin of +0.20 pawns. search time
limit is 1:00} 1. e4 1... e5 2. f4 exf4 3. Nf3 d6 4. Bc4 ({9:-0.91} 4. Bc4 4...
Be7 5. Rg1 Nc6 6. d4 Bh4+ 7. g3 fxg3 8. hxg3 Bf6 9. Nc3 $17) ({9:-0.67} 4. d4
4... g5 5. h3 Bh6 6. Nc3 Nc6 7. Bb5 Nf6 8. e5 $15) 4... h6 5. d4 g5 6. O-O ({
9:-1.21} 6. O-O 6... Nd7 7. a4 Nb6 8. Bd3 g4 9. Ne1 f3 10. gxf3 gxf3 11. Nxf3
$17) ({9:-0.70} 6. h3 6... Nc6 7. Rf1 Nf6 8. Nc3 Qe7 9. Qe2 Be6 10. Bb5 $15)
6... Bg7 7. c3 Nc6 8. Qa4 Bd7 9. Qb3 Na5 10. Bxf7+ Kf8 11. Qa3 Kxf7 12. Qxa5
Ne7 13. Nxg5+ ({9:-0.37} 13. Nxg5+ 13... hxg5 14. Qxg5 Bf6 15. Rxf4 Ng6 16. Rf1
Kg7 17. Qd5 17... Rb8 $15) ({9:-0.03} 13. Qb4 13... Bc8 14. Qc4+ Be6 15. d5 Bg4
16. Na3 a6 17. Bd2 17... Re8 $10) 13... hxg5 14. Qxg5 Ng6 15. Qd5+ Be6 16. Qxb7
Rb8 17. Qxa7 Ra8 18. Qb7 Rb8 19. Qc6 ({12:-0.83} 19. Qc6 19... Rb6 20. Bxf4
Rxc6 21. Bg5+ Bf6 22. d5 Rb6 23. Bxf6 Qxf6 24. dxe6+ Kxe6 25. Rxf6+ Kxf6 26. b3
26... Nf4 $17) ({12:+0.00} 19. Qa7 $10) 19... Rb6 20. Qa4 ({10:-1.25} 20. Qa4
20... Qh4 21. h3 Qg3 22. Rf3 Qe1+ 23. Rf1 Qxe4 24. Qd1 Bd5 25. Qg4 $17) ({
10:-0.83} 20. Bxf4 20... Rxc6 21. Bg5+ Bf6 22. d5 Rb6 23. Bxf6 Qxf6 24. dxe6+
Kxe6 25. Rxf6+ Kxf6 26. b3 26... Nf4 $17) 20... Qh4 21. h3 Bxh3 22. Qc2 Bg4 23.
e5 ({9:-4.86} 23. e5 23... Qh2+ 24. Kf2 Qg3+ 25. Kg1 f3 26. Rxf3+ Bxf3 27. Qf5+
Kg8 28. Qe6+ Kh7 29. Qh3+ Qxh3 30. gxh3 dxe5 31. Nd2 e4 32. Nxf3 32... exf3 $19
) ({9:-3.42} 23. Bxf4 23... Nxf4 24. Rxf4+ Ke7 25. Qd2 Qh2+ 26. Kf2 Bh6 27.
Rxg4 Bxd2 28. Nxd2 28... Rxb2 $19) 23... dxe5 24. Qd3 ({7:-5.54} 24. Qd3 24...
Bf6 25. Qc4+ Kf8 26. Bxf4 Nxf4 27. Qc5+ Ke8 28. Rxf4 Qh2+ 29. Kf1 29... Qxf4+
$19) ({7:-3.15} 24. dxe5 24... f3 25. Qe4 Qh2+ 26. Kf2 Qxg2+ 27. Ke1 Nxe5 28.
Qf4+ Ke8 29. Nd2 $19) 24... Bf6 25. Qc4+ Kf8 26. Bxf4 exf4 27. Qc5+ Ne7 28. Qh5
Rxh5 29. Rxf4 Qh2+ 30. Kf2 Qxf4+ 31. Kg1 0-1

[Event "ICS rated blitz match"]
[Site "207.99.83.227"]
[Date "1999.05.13"]
[Round "?"]
[White "gambit2"]
[Black "Hossa"]
[Result "1-0"]
[WhiteElo "2414"]
[BlackElo "2462"]
[Annotator "Crafty v16.6"]
[PlyCount "114"]

{annotating for player ossa using a scoring margin of +0.20 pawns. search time
limit is 1:00} 1. Nf3 1... d5 2. b3 Nf6 3. Bb2 e6 4. e3 Nbd7 5. c4 Bb4 6. Be2
dxc4 7. Bxc4 Nb6 8. Be2 O-O 9. O-O Bd7 10. Nc3 Nbd5 11. Nxd5 Nxd5 12. Rc1 a5
13. Ne5 a4 14. a3 Bd6 15. Nxd7 Qxd7 16. b4 Qd8 17. Bb5 Qh4 18. g3 Qh3 19. Bxa4
Nb6 ({9:-1.14} 19... Nb6 20. Bc2 c6 21. Be4 Rfd8 22. Bg2 Qf5 23. e4 23... Qg5
$16) ({9:-0.90} 19... Rfd8 20. Bb3 b5 21. Bxd5 exd5 22. d4 Re8 23. Qd3 Rab8 24.
f4 $16) 20. Bc2 c6 21. Be4 Na4 22. Ba1 Nb6 23. Bg2 Qh6 24. Bd4 Nd7 25. Bb2 Qg6
({10:-1.59} 25... Qg6 26. d4 Nb6 27. f4 Na4 28. Ba1 Nb6 29. Rc3 Nd5 30. Rd3 $18
) ({10:-1.37} 25... e5 26. Qg4 Nf6 27. Qf5 Qh5 28. Qxh5 Nxh5 29. Rfd1 Nf6 30.
d4 Ng4 31. dxe5 31... Bxe5 $16) 26. Rc4 f5 ({10:-1.81} 26... f5 27. d4 Rad8 28.
Rc2 e5 29. Rd2 Qf6 30. Qh5 Qe6 31. Rc2 $18) ({10:-1.42} 26... Ne5 27. Rd4 Bc7
28. Be4 Qf6 29. d3 Qh6 30. Bg2 Qg5 31. Qe2 $16) 27. Qe2 Nb6 28. Rh4 Be7 29. Rf4
Bf6 30. d4 Nd5 31. Rf3 Be7 32. Re1 Nf6 33. Qd3 Ne4 34. Rc1 Bd6 35. h4 Qg4 36.
Rc2 Rfe8 37. b5 cxb5 38. Qxb5 Re7 39. Qd3 Kh8 40. d5 Rg8 41. dxe6 Rxe6 42. Qd5
f4 43. exf4 Nf6 44. Bxf6 Rxf6 45. Rb2 Qc8 46. Qxb7 Qc1+ 47. Bf1 Re8 48. Rb1 Qc2
49. Rb5 Qg6 50. Rg5 Qh6 51. Qd5 Re1 52. Re5 Rxf1+ 53. Kxf1 Qg6 54. Rfe3 Bf8 55.
Re8 h6 56. R3e6 Qb1+ 57. Kg2 Rf5 1-0

[Event "ICS rated blitz match"]
[Site "207.99.83.227"]
[Date "1999.05.13"]
[Round "?"]
[White "Hossa"]
[Black "JudgeTurpin"]
[Result "1/2-1/2"]
[WhiteElo "2444"]
[BlackElo "2687"]
[PlyCount "123"]

1. e4 e5 2. f4 exf4 3. Nf3 g5 4. Bc4 Bg7 5. h3 d6 6. h4 h6 7. hxg5 hxg5 8. Rxh8
Bxh8 9. Nh2 Nf6 10. Nc3 Be6 11. Be2 c6 12. d4 Qa5 13. Bd2 Qc7 14. Nf3 Nh7 15.
d5 Bg4 16. dxc6 Bxc3 17. Bxc3 Nxc6 18. Qd3 Ne5 19. Nxe5 Bxe2 20. Qxe2 dxe5 21.
Qb5+ Ke7 22. O-O-O a6 23. Qxe5+ Qxe5 24. Bxe5 Rc8 25. Bg7 Rg8 26. Bd4 Ke6 27.
Bc3 g4 28. Rf1 f3 29. gxf3 Ng5 30. fxg4 Nxe4 31. Rf4 Nxc3 32. bxc3 Rd8 33. Rb4
Rd7 34. a4 Ke5 35. a5 f6 36. Kb2 Re7 37. Ka3 Rd7 38. Rb6 Rh7 39. c4 Rf7 40. c5
Rg7 41. c6 bxc6 42. Rxc6 Rxg4 43. Rxa6 f5 44. Kb3 f4 45. Ra8 f3 46. Re8+ Kf4
47. a6 Rg7 48. Rf8+ Ke3 49. Kb4 f2 50. c4 Ke2 51. Re8+ Kf3 52. Rf8+ Kg2 53. a7
Rxa7 54. Rxf2+ Kxf2 55. c5 Ra1 56. c6 Rc1 57. Kb5 Ke3 58. Kb6 Kf4 59. c7 Rc4
60. Kb7 Rc2 61. c8=Q Rxc8 62. Kxc8 {
Game drawn because neither player has mating material} 1/2-1/2

[Event "ICS Rated blitz match"]
[Site "207.99.83.227"]
[Date "1999.05.13"]
[Round "?"]
[White "Hossa"]
[Black "JudgeTurpin"]
[Result "0-1"]
[WhiteElo "2454"]
[BlackElo "2677"]
[Annotator "Fritz 5.32 (30s)"]
[PlyCount "113"]

1. e4 1... e5 {Opening = C36 - 3.Nf3 d5} 2. f4 exf4 3. Nf3 d5 4. Nc3 dxe4 5.
Nxe4 Qe7 (5... Nf6 6. Nxf6+ Qxf6 7. d4 Bd6 8. Bd3 O-O 9. O-O Bg4 10. c3 Nc6 11.
Qc2 h6 12. Nd2 g5 13. Ne4 Qe7 14. Bd2 Rae8 15. Rae1 Qd8 16. b4 Be7 17. Kh1 f5
18. Nf2 Bf6 19. h3 Bh5 20. Bxf5 {
Conquest,S-Fox,A/op, Kilkenny IRL 1996/1-0 (35)}) 6. Qe2 Bg4 7. d3 $146 (7. d4
Nd7 8. Bxf4 h6 9. Bxc7 Qe6 10. d5 Bxf3 11. gxf3 Bb4+ 12. c3 Bxc3+ 13. bxc3 Qf5
14. Nd6+ {1-0 Wall,B-Stauffer,A/Dayton OH 1982 (14)}) 7... Bxf3 8. gxf3 Nc6 9.
Bxf4 O-O-O 10. Bh3+ Kb8 11. O-O-O Nd4 12. Qe3 h6 13. c3 Ne6 14. Be5 Ng5 15.
Nxg5 hxg5 16. Bg2 Qe6 17. Kb1 Nf6 18. Rhe1 Re8 19. f4 g4 20. Qd4 Bd6 21. Qg1 a5
22. Qh1 c6 23. Bxc6 bxc6 24. Qxc6 Bxe5 25. Qb5+ Kc7 26. Qxa5+ Qb6 27. Qxb6+
Kxb6 28. fxe5 Nd7 29. Re4 Rxe5 30. Rb4+ Rb5 31. Rxb5+ Kxb5 32. Rf1 Rxh2 33.
Rxf7 Nc5 34. d4 g3 35. dxc5 g2 36. Rxg7 Kxc5 37. Rg5+ Kd6 38. b4 Rh1+ 39. Kb2
g1=Q 40. Rxg1 Rxg1 41. a4 Kd5 42. Kb3 Rb1+ 43. Ka2 Re1 44. Kb3 Rf1 45. a5 Rf3
46. b5 Kc5 47. b6 Kb5 48. b7 Rf8 49. Kc2 Rb8 50. a6 Kxa6 51. Kd3 Kb5 52. Kd4
Rxb7 53. Kd5 Rc7 54. Ke5 Rxc3 55. Kd4 Rc5 56. Kd3 Rd5+ 57. Ke3 0-1

[Event "ICS rated blitz match"]
[Site "207.99.83.227"]
[Date "1999.05.13"]
[Round "?"]
[White "Hossa"]
[Black "JudgeTurpin"]
[Result "1/2-1/2"]
[WhiteElo "2447"]
[BlackElo "2693"]
[PlyCount "121"]

1. e4 c5 2. Nc3 a6 3. Be2 Nc6 4. Nf3 d6 5. d4 cxd4 6. Nxd4 Nxd4 7. Qxd4 Nf6 8.
O-O e5 9. Qd3 Be7 10. Nd5 Nxd5 11. exd5 O-O 12. Be3 Bg5 13. Qe4 b5 14. Bxg5
Qxg5 15. f4 Qe7 16. fxe5 f5 17. Qb4 Qxe5 18. Rae1 a5 19. Qb3 Re8 20. Bxb5 Qxe1
21. Rxe1 Rxe1+ 22. Kf2 Re4 23. Bc6 Rf4+ 24. Kg3 Rb4 25. Bxa8 Rxb3+ 26. axb3 Kf7
27. c3 Kf6 28. b4 axb4 29. cxb4 Ba6 30. Bc6 Bd3 31. b5 Ke7 32. b6 Kd8 33. Kf4
h6 34. h4 Bb1 35. g3 Bd3 36. b4 Bc2 37. b5 Kc8 38. g4 fxg4 39. Kxg4 Bb1 40. Kf4
Bc2 41. Kg3 Bf5 42. b7+ Kb8 43. Kf4 g6 44. Kf3 g5 45. hxg5 hxg5 46. Kg3 Ka7 47.
Kh2 Kb8 48. Kg2 Bc2 49. Kf2 g4 50. Ke3 Bb3 51. Ke2 Bc2 52. Kf2 Be4 53. Kg3 Bf3
54. Kh2 Be4 55. Kg1 g3 56. b6 g2 57. Kf2 Bf3 58. Kg1 Be4 59. Kf2 Bf3 60. Kg1
Be4 61. Kf2 {Game drawn by repetition} 1/2-1/2